[Event "Pfalz-ch HT4 87th"]
[Site "Landau"]
[Date "2018.03.25"]
[Round "3"]
[White "Wolf, Harald"]
[Black "Mkrtchyan, Harutyun"]
[Result "1/2-1/2"]
[WhiteElo "1664"]
[BlackElo "1357"]
[PlyCount "113"]
[EventDate "2018.03.23"]
[EventType "swiss"]
[EventRounds "7"]
[EventCountry "GER"]
[SourceTitle "EXT 2019"]
[Source "ChessBase"]
[SourceDate "2018.10.10"]
[SourceVersion "1"]
[SourceVersionDate "2018.10.10"]
[SourceQuality "1"]

1. Nf3 Nc6 2. b3 e5 3. Bb2 e4 4. Nd4 Nxd4 5. Bxd4 d5 6. e3 Nf6 7. c4 c6 8. Be2 Bd6 9. 0-0 0-0 10. cxd5 cxd5 11. d3 Bc7 12. dxe4 Nxe4 13. Nc3 Re8 14. Bg4 Qh4 15. h3 f5 16. Be2 Ng5 17. f4 Ne6 18. Nxd5 Bd6 19. Bc3 Nc5 20. Nf6+ gxf6 21. Qxd6 Ne4 22. Bc4+ Kh8 23. Qb4 b6 24. Bd5 Rb8 25. Bxe4 fxe4 26. Qd6 Kg8 27. Qxb8 Kf7 28. Qc7+ Kg6 29. Qc6 Rg8 30. Qxe4+ Bf5 31. Qf3 Kh6 32. Be1 Qxh3 33. Qxh3+ Bxh3 34. Rf2 Bf5 35. Rd1 Kg6 36. Rd7 Bxd7 37. Rc2 Bf5 38. Rc7 Rg7 39. Rc6 h5 40. Bc3 Rf7 41. Bd4 Be4 42. Re6 Kf5 43. Rd6 Kg6 44. b4 Kf5 45. g3 Kg4 46. Rxf6 Rxf6 47. Bxf6 Kxg3 48. Be5 Kh3 49. a4 h4 50. Kf2 Kg4 51. a5 bxa5 52. bxa5 a6 53. Kg1 Kf3 54. Kh2 Kg4 55. Bf6 h3 56. Bd4 Bf5 57. Be5 1/2-1/2